| 000 | 00619nam a2200193 i 4500 | ||
|---|---|---|---|
| 001 | 97459 | ||
| 003 | ES-MaACL | ||
| 005 | 20250804012822.0 | ||
| 007 | t| | ||
| 008 | 050712s1959 sp ||||1| spa d | ||
| 100 | 1 |
_aMarcel, Gabriel, _d1889-1973 _9156691 |
|
| 245 | 1 | 0 |
_aFilosofía concreta / _cGabriel Marcel ; traducción del fránces por Alberto Gil Novales. |
| 260 |
_aMadrid : _bRevista de Occidente, _c1959. |
||
| 300 |
_a283 p. ; _c22 cm. |
||
| 650 | 7 |
_aMetafísica _2embne _915012 |
|
| 700 | 0 |
_aGil Novales, Alberto, _d1930-2016 _956851 |
|
| 852 |
_aES-MaACL _jC-16549 |
||
| 999 |
_c97459 _d97459 |
||